| 000 | 01734nam0a2200421 4500 | ||
|---|---|---|---|
| 001 | RU\NLR\bibl\385766 | ||
| 005 | 20260408070227.0 | ||
| 010 |
_a5-94201-125-7 _91500 |
||
| 021 |
_aRU _b2003-4589 _9212 |
||
| 035 | _a(NLR Aleph) 000380132 | ||
| 090 |
_a450331 _c450331 |
||
| 100 | _a20030317d2003 |||y0rusy50 ca | ||
| 101 | 0 |
_arus _aspa |
|
| 102 | _aRU | ||
| 105 | _ay ||||||||| | ||
| 200 | 1 |
_aИспанско-русский юридический словарь _dDiccionario espanol-ruso juridico _fАссоц. "Юрид. центр" _g[Сост. Е. Р. Шубина, Т. А. Алексеева] |
|
| 210 |
_aСПб. _cЮрид. центр пресс _d2003 |
||
| 215 |
_a483 с. _d21 |
||
| 225 | 1 | _aЮридические словари | |
| 300 | _aИсп., рус. | ||
| 510 | 1 | _aDiccionario espanol-ruso juridico | |
| 606 | 0 |
_aПраво _jТерминологические словари _9894779 _3RU\NLR\auth\664055 |
|
| 606 | 0 |
_aИспанский язык _xТерминология правовая _xСловари _xРусский язык _92286199 _3RU\NLR\auth\661369443 |
|
| 610 | 0 | _aПраво - Словари испанско-русские | |
| 675 |
_a340(038)-134.2-161.1 _v3 _zrus |
||
| 686 |
_a10 _2rugasnti |
||
| 686 |
_a67я2 _2rubbk |
||
| 686 | _aХ.я212 | ||
| 686 | _aШ147.21-434.1 | ||
| 686 | _aШ141.12-434.2 | ||
| 702 | 1 |
_aШубина _bЕ. Р. _gЕлена Рустамовна _4220 |
|
| 712 | 0 | 2 |
_4570 _a"Юридический центр", ассоциация _cСанкт-Петербург _3RU\NLR\AUTH\8810042940 _9585331 |
| 801 | 0 |
_aRU _bRKP _c20030317 _gPSBO |
|
| 801 | 1 |
_aRU _bRKP _c20030317 |
|
| 801 | 2 |
_aRU _bNLR _c20040706 _grcr |
|
| 942 | _cBOOK | ||
| 980 | _aNB | ||